Normal view MARC view

Entry Personal Name

Number of records used in: 1

001 - CONTROL NUMBER

  • control field: 1164782

003 - CONTROL NUMBER IDENTIFIER

  • control field: OSt

005 - DATE AND TIME OF LATEST TRANSACTION

  • control field: 20260324122020.0

008 - FIXED-LENGTH DATA ELEMENTS

  • fixed length control field: 260324|| aca||aabn | a|a d

040 ## - CATALOGING SOURCE

  • Original cataloging agency: OSt
  • Transcribing agency: OSt

100 ## - HEADING--PERSONAL NAME

  • Personal name: David Gold; Catherine L. Hobbs

670 ## - SOURCE DATA FOUND

  • Source citation: Work cat.: (OSt)1757221: David Gold; Catherine L. Hobbs, Rhetoric, History, and Women's Oratorical Education
Copyright @ Delhi University Library System